| 000 | 01233nam a22003737a 4500 | ||
|---|---|---|---|
| 001 | 000304 | ||
| 003 | DO-SdBPM | ||
| 005 | 20250826122203.0 | ||
| 007 | ta | ||
| 008 | 160623b2009 ag |||| 00| 0 spa d | ||
| 020 | _a9789500815130 | ||
| 040 |
_aDO-SdBPM _bspa _cBPMSU _erdea |
||
| 082 | 4 |
_a853.8 _bA516c 2009 _222 |
|
| 100 | 1 |
_aAmicis, Edmondo de _d 846-1908. _eautor |
|
| 245 | 1 |
_aCorazón / _cEdmundo De Amicis ; trad. de J. de Plasencis ; adaptación, Rosa S. Corgatelli ; ilustraciones de Fernando Molinari. |
|
| 246 | 1 | 0 | _5Cuore. |
| 250 | _a11a. | ||
| 260 |
_b _c |
||
| 264 |
_aBuenos Aires : _bAtlantida, _c2009 |
||
| 300 |
_a162 páginas : _bilustraciones ; _c20 cm. |
||
| 336 |
_atexto _btxt _2rdacontent |
||
| 337 |
_asin mediación _bn _2rdamedia |
||
| 338 |
_avolumen _bnc _2rdacarrier |
||
| 490 | 0 |
_aNueva biblioteca billiken, _v10 |
|
| 500 | _aAbreviado traducido del italiano: Cuore. | ||
| 590 | _aInventariado, 2025/VM | ||
| 650 | 7 | _aNovela juvenil italiana | |
| 650 | 7 |
_aFamilia _vNovela |
|
| 700 | 1 | 2 |
_aPlasencis, J. de, _etraducitor |
| 700 | 1 | _aCorgatelli, Rosa S. | |
| 700 | 1 | 2 |
_aMolinari, Fernando, _eilustraciones |
| 910 | _aVMateo V. Control de calidad. BPMSU | ||
| 942 |
_2ddc _cBK |
||
| 999 |
_c10525 _d10525 |
||